Product placement v marketingovom komunikačnom mixe
Teoretické vymedzenie Product placementu. Product displacement. História Product placementu. Product placement v historických filmoch a v novších filmoch. Rozdelenie Product placementu. Vplyv Product placementu. Faktory ovplyvňujúce efektívnosť Product placementu. Cena Product placementu. Product pl...
Gespeichert in:
| 1. Verfasser: | |
|---|---|
| Format: | Buchkapitel |
| Sprache: | Slowakisch |
| Schlagworte: | |
| Tags: |
Keine Tags, Fügen Sie das erste Tag hinzu!
|
MARC
| LEADER | 00000nla a2200000 4500 | ||
|---|---|---|---|
| 001 | 0192338 | ||
| 005 | 20240417075048.4 | ||
| 041 | 0 | |a slo | |
| 044 | |a SK | ||
| 245 | 1 | 0 | |a Product placement v marketingovom komunikačnom mixe |c Anna Diačiková |
| 520 | |a Teoretické vymedzenie Product placementu. Product displacement. História Product placementu. Product placement v historických filmoch a v novších filmoch. Rozdelenie Product placementu. Vplyv Product placementu. Faktory ovplyvňujúce efektívnosť Product placementu. Cena Product placementu. Product placement v Európe a na Slovensku. | ||
| 610 | 2 | 0 | |a marketing |
| 610 | 2 | 0 | |a médiá |
| 610 | 2 | 0 | |a film |
| 610 | 2 | 0 | |a televízia |
| 610 | 2 | 0 | |a produkty |
| 610 | 2 | 0 | |a značky |
| 610 | 2 | 0 | |a reklama |
| 610 | 2 | 0 | |a efektívnosť |
| 100 | 1 | |a Diačiková, Anna | |